000 00250nam a22001097a 4500
008 170112b xxu||||| |||| 00| 0 eng d
020 _a9781405187183
041 _aeng
080 _a618.2
245 _aNURSING DIAGNOSIS
_cBLACKWELL, W
942 _2udc
_cBK
999 _c2839
_d2839